000
00190 a2200097 4500
020
_a
9788440627438
041
_a
spa
100
_a
Barklem, Jill
245
_a
La escalera secreta
942
_c
BK
999
_c
30917
_d
30915